000 01005nmm a2200289 a 4500
001 ocm000552734
003 TR-IsHL
005 20201028123006.0
008 110704s2010 tu tur
007 cr cn
020 _a9786056133107
035 _a552734
_b(N$T)
050 0 4 _aDR592.S42
_bS4 2010
090 0 4 _aDR592.S42
_bS4 2010
100 1 _aSılan, Necmeddin Sahir
245 1 0 _aII. Meşrutiyet ve sonrası hatıralarım
_h[electronic resource] /
_cNecmeddin Sahir Sılan ; haz. İsmail Dervişoğlu
250 _a1. bs.
260 _aİstanbul :
_bDün Bugün Yarın Yayınları,
_c2010
300 _a152 p.
650 4 _aTarih
650 4 _aHistory
650 0 _aSılan, Necmeddin Sahir, 1896-1992
_x Anılar
650 0 _aSılan, Necmeddin Sahir, 1896-1992
_x Memoirs
650 7 _aBIOGRAPHY & AUTOBIOGRAPHY / Lawyers & Judges
_2bisacsh
700 1 _aDervişoğlu, İsmail
856 4 0 _uhttp://search.ebscohost.com/login.aspx?direct=true&scope=site&db=e011xww&AN=552734
999 _c2166
_d2166